00465 2200169 4500245005100000020002200051250001100073100001600084650002300100005001900123260003600142041001400178084001000192500006100202490002300263336000900286 aEnsiklopedia Flora Volume 1cBudi SuhonohText a978-602-8415-09-5 aCet. 1 aBudi Suhono aEnsiklopedia Flora a20231108133227 aJakartabPT Kharisma Ilmuc2010 aIndonesia a580.3 aDaftar Isi : Alismatales, Asparagales, Acorles, Arecales aEnsiklopedia Flora atext